SV Waldhof Mannheim - Bundesligaspieler mit den meisten Einsätzen - Statistiken

Allgemein
  • Dieses Quiz wurde 22 mal gespielt
  • Das Durchschnittsergebnis liegt bei 5 aus 21
Antwortstatistiken
Anzahl der Spiele Spieler % Korrekt
129 Fritz Walter
94%
95 Jürgen Kohler
71%
60 Maurizio Gaudino
59%
208 Roland Dickgießer
47%
128 Günter Sebert
41%
267 Uwe Zimmermann
41%
151 Alfred Schön
29%
182 Karl-Heinz Bührer
24%
147 Dimitrios Tsionanis
18%
86 Dieter Schlindwein
12%
126 Ulf Quaisser
12%
97 Jochen Müller
12%
99 Rainer Scholz
12%
62 Uwe Freiler
12%
65 Zvjezdan Cvetkovic
6%
84 Peter Lux
6%
85 Günter Güttler
6%
62 Gerd Dais
6%
64 Manfred Bockenfeld
6%
68 Bernd Klotz
0%
75 Martin Trieb
0%
Keine übereinstimmenden Quizze gefunden
Verteilung der Resultate
Anzahl Personen mit jedem Resultat
Perzentil nach korrekt beantworteten Fragen
Ihre Resultats-Entwicklung
Sie haben dieses Quiz noch nicht gespielt